000 00333nam a22001337a 4500
008 171020b xxu||||| |||| 00| 0 eng d
020 _a9780070389335
041 _aeng
080 _a338
100 _a54
101 _amng
245 _aTHE ANALYSIS, DESIGN, AND IMPLEMENTATION OF INFORMATION SYSTEMS
_cLUCAS, H.C
942 _2udc
_cBK
999 _c35102
_d35102